000 nam a22 7a 4500
999 _c127090
_d127090
008 171011b xxu||||| |||| 00| 0 eng d
050 _aBX9890.U258N4
100 _aNewbigin, Lesslie
_937015
245 _aUnfinished Agenda
_bAn autibiography
_c/ Lesslie Newbigin
260 _aLondon
_bSPCK Holy Trinity Church
_c1985
300 _a263p. ;
_c22cm.
600 _aNewbigin, Lesslie
_937015
650 _aUnited Reformed Church
_xBography
_937016
942 _2lcc
_cMONOGRAPH